Logo CIB grande

ADMINISTRACION DE SERVICIOS DE ALIMENTACION CALIDAD, NUTRICION, PRODUCTIVIDAD Y BENEFICIOS (Registro nro. 231322)

Detalles MARC
000 -LEADER
campo de control de longitud fija 00695nam a2200229Ia 4500
005 - FECHA Y HORA DE LA ÚLTIMA TRANSACCIÓN
campo de control 20250425162535.0
008 - DATOS DE LONGITUD FIJA--INFORMACIÓN GENERAL
campo de control de longitud fija 250425s9999 xx 000 0 und d
020 ## - NÚMERO INTERNACIONAL ESTÁNDAR DEL LIBRO
Número Internacional Estándar del Libro 9789586559942
041 ## - CÓDIGO DE IDIOMA
Código de lengua del texto/banda sonora o título independiente spa
082 ## - NÚMERO DE LA CLASIFICACIÓN DECIMAL DEWEY
Número de clasificación 647.95
010 ## - NÚMERO DE CONTROL DE LA BIBLIOTECA DEL CONGRESO
Número de control de LC 84368
100 ## - ENTRADA PRINCIPAL--NOMBRE DE PERSONA
Nombre de persona TEJADA LOZANO, BLANCA DOLLY
245 #0 - MENCIÓN DEL TÍTULO
Título ADMINISTRACION DE SERVICIOS DE ALIMENTACION CALIDAD, NUTRICION, PRODUCTIVIDAD Y BENEFICIOS
250 ## - MENCION DE EDICION
Mención de edición 2A ED.
260 ## - PUBLICACIÓN, DISTRIBUCIÓN, ETC.
Lugar de publicación, distribución, etc. Colombia
Nombre del editor, distribuidor, etc. UNIVERSIDAD DE ANTIOQUIA
Fecha de publicación, distribución, etc. 2007
260 ## - PUBLICACIÓN, DISTRIBUCIÓN, ETC.
Lugar de publicación, distribución, etc. MEDELLÍN
300 ## - DESCRIPCIÓN FÍSICA
Extensión 544
650 ## - PUNTO DE ACCESO ADICIONAL DE MATERIA--TÉRMINO DE MATERIA
Término de materia o nombre geográfico como elemento de entrada ADMINISTRACION DE SERVICIOS DE ALIMENTACION
650 ## - PUNTO DE ACCESO ADICIONAL DE MATERIA--TÉRMINO DE MATERIA
Término de materia o nombre geográfico como elemento de entrada SERVICIOS DE ALIMENTACION EN HOSPITALES
650 ## - PUNTO DE ACCESO ADICIONAL DE MATERIA--TÉRMINO DE MATERIA
Término de materia o nombre geográfico como elemento de entrada VALOR NUTRITIVO DE LOS ALIMENTOS
942 ## - ELEMENTOS DE ENTRADA SECUNDARIOS (KOHA)
Tipo de ítem Koha Libros
Existencias
Estatus retirado Estado de pérdida Estado de daño No para préstamo Biblioteca de origen Biblioteca actual Fecha de adquisición Coste, precio normal de compra Total de préstamos Código de barras Copia número
        FACULTAD DE INGENIERIA MECANICA Y CIENCIAS DE LA PRODUCCION FACULTAD DE INGENIERIA MECANICA Y CIENCIAS DE LA PRODUCCION 15/04/2013 62.00   50633 1

Copyright 2025 ESPOL. Todos los derechos reservados.